[Event "LSS No Engine Cup 219 Preliminary 0"]
[Site "LSS email"]
[Date "2021.07.10"]
[Round "?"]
[White "Vlasov, Aleksandr"]
[Black "Schnoewitz, Brigitte"]
[Result "1-0"]
[WhiteElo "1415"]
[BlackElo "1254"]
[PlyCount "57"]
[EventDate "2021.07.10"]
[EventType "tourn (corr)"]
[EventRounds "6"]
[EventCountry "GER"]
[SourceTitle "Corr 2024"]
[Source "ChessBase"]
[SourceDate "2023.10.19"]
[SourceVersion "1"]
[SourceVersionDate "2023.10.19"]
[SourceQuality "1"]

1. c4 c5 2. Nc3 Nc6 3. e3 Nf6 4. d4 cxd4 5. exd4 d5 6. a3 e6 7. c5 h6 8. b4 Be7 9. Nf3 a6 10. Bd3 b6 11. 0-0 0-0 12. Re1 bxc5 13. bxc5 Rb8 14. Bf4 Rb2 15. Rb1 Rxb1 16. Qxb1 Nd7 17. h3 f5 18. Rxe6 Ndb8 19. Re2 Bd7 20. Nxd5 Rf7 21. Nxe7+ Rxe7 22. Rxe7 Qxe7 23. Bxb8 Qd8 24. Bc4+ Kh8 25. Be5 Bc8 26. Qb6 Qd7 27. d5 Nxe5 28. Nxe5 Qe7 29. Ng6+ 1-0

[Event "LSS No Engine Cup 218 Preliminary 0"]
[Site "LSS email"]
[Date "2021.06.07"]
[Round "?"]
[White "Vlasov, Aleksandr"]
[Black "Heiser, Jerome"]
[Result "1-0"]
[WhiteElo "1424"]
[BlackElo "726"]
[PlyCount "117"]
[EventDate "2021.06.07"]
[EventType "tourn (corr)"]
[EventRounds "6"]
[EventCountry "GER"]
[SourceTitle "Corr 2024"]
[Source "ChessBase"]
[SourceDate "2023.10.19"]
[SourceVersion "1"]
[SourceVersionDate "2023.10.19"]
[SourceQuality "1"]

1. e4 e5 2. Nc3 c6 3. Bc4 Nf6 4. d3 Bb4 5. Bd2 Bxc3 6. Bxc3 d6 7. h3 Be6 8. Bxe6 fxe6 9. Nf3 a5 10. a4 Nbd7 11. 0-0 d5 12. exd5 exd5 13. Nxe5 Nxe5 14. Bxe5 0-0 15. b3 Nd7 16. Bg3 Rf5 17. Qg4 g6 18. Rae1 Nf6 19. Qe2 Qe8 20. Qxe8+ Rxe8 21. Bc7 d4 22. g4 Rc5 23. Rxe8+ Nxe8 24. Bb6 Rxc2 25. Re1 Kf7 26. Bxd4 b5 27. axb5 cxb5 28. Ra1 Rd2 29. Rxa5 Rxd3 30. Bc5 Rxb3 31. Kg2 Nf6 32. Ra7+ Kg8 33. Bd4 Nd5 34. Be5 b4 35. Rg7+ Kf8 36. Rxh7 Rd3 37. h4 Ne7 38. h5 gxh5 39. gxh5 Rd5 40. Bf6 Ng8 41. Bg7+ Ke8 42. Bb2 Rg5+ 43. Kf1 Rg4 44. f3 Rh4 45. Kg2 b3 46. Kg3 Rh1 47. Kf4 Ne7 48. h6 Rh4+ 49. Kg5 Rh2 50. Be5 Rg2+ 51. Kh5 b2 52. Rh8+ Kd7 53. Rb8 Ke6 54. f4 Rh2+ 55. Kg4 b1Q 56. Rxb1 Ng6 57. Rb6+ Kf7 58. Rf6+ Ke7 59. Rxg6 1-0

[Event "LSS No Engine Cup 217 Preliminary 0"]
[Site "LSS email"]
[Date "2021.05.06"]
[Round "?"]
[White "Vlasov, Aleksandr"]
[Black "Eschert, Uwe"]
[Result "0-1"]
[WhiteElo "1433"]
[BlackElo "1777"]
[PlyCount "82"]
[EventDate "2021.05.06"]
[EventType "tourn (corr)"]
[EventRounds "6"]
[EventCountry "GER"]
[SourceTitle "Corr 2024"]
[Source "ChessBase"]
[SourceDate "2023.10.19"]
[SourceVersion "1"]
[SourceVersionDate "2023.10.19"]
[SourceQuality "1"]

1. b4 e5 2. a3 d5 3. Bb2 Bd6 4. e3 Nf6 5. d4 e4 6. c4 0-0 7. c5 Be7 8. Nc3 h6 9. Nge2 b6 10. h3 c6 11. Nf4 a5 12. Be2 Bb7 13. h4 axb4 14. axb4 Rxa1 15. Qxa1 b5 16. Kd2 Na6 17. Qa3 Qd7 18. g3 Ng4 19. Ke1 Ra8 20. Qb3 Qf5 21. Qd1 Bc8 22. Qb3 Nc7 23. Nb1 Nf6 24. h5 Ne6 25. Nd2 Ng5 26. Kf1 Ra4 27. Ke1 Qd7 28. Kf1 Qa7 29. Rh4 Ra2 30. Kg2 Bf5 31. g4 Bd7 32. Qc3 Qa4 33. Kg3 Qa8 34. Nf1 Nf3 35. Bxf3 exf3 36. Nd2 Qc8 37. Kxf3 Bxg4+ 38. Kg3 Ne4+ 39. Nxe4 Bxh4+ 40. Kxh4 Bf3 41. Nf6+ gxf6 0-1

[Event "RF-2021-0-00514"]
[Site "LSS email"]
[Date "2021.04.22"]
[Round "?"]
[White "Vlasov, Aleksandr"]
[Black "Brenwicker, Luc"]
[Result "1-0"]
[WhiteElo "1161"]
[BlackElo "1097"]
[PlyCount "67"]
[EventDate "2020.12.08"]
[EventType "tourn (corr)"]
[EventRounds "6"]
[EventCountry "GER"]
[SourceTitle "Corr 2024"]
[Source "ChessBase"]
[SourceDate "2023.10.19"]
[SourceVersion "1"]
[SourceVersionDate "2023.10.19"]
[SourceQuality "1"]

1. d4 Nf6 2. c4 c5 3. d5 b5 4. e3 bxc4 5. Bxc4 d6 6. Nc3 g6 7. h3 Bg7 8. Nf3 0-0 9. 0-0 Bf5 10. Nh4 Qc8 11. Nxf5 Qxf5 12. g4 Qc8 13. Qe2 Nbd7 14. a3 Rb8 15. f4 Nb6 16. Ba2 c4 17. e4 e6 18. dxe6 Qxe6 19. f5 Qc8 20. Bf4 Qc5+ 21. Qf2 Qxf2+ 22. Kxf2 Rbd8 23. Rad1 d5 24. e5 Ne4+ 25. Nxe4 dxe4 26. f6 Bh8 27. Ke3 Rxd1 28. Rxd1 Re8 29. g5 h6 30. h4 hxg5 31. hxg5 Rc8 32. Kxe4 Na4 33. Rd2 Nc5+ 34. Ke3 1-0

[Event "LSS No Engine Cup 216 Preliminary 0"]
[Site "LSS email"]
[Date "2021.04.11"]
[Round "?"]
[White "Lombardi, Donato"]
[Black "Vlasov, Aleksandr"]
[Result "0-1"]
[WhiteElo "1139"]
[BlackElo "1455"]
[PlyCount "82"]
[EventDate "2021.04.11"]
[EventType "tourn (corr)"]
[EventRounds "6"]
[EventCountry "GER"]
[SourceTitle "Corr 2024"]
[Source "ChessBase"]
[SourceDate "2023.10.19"]
[SourceVersion "1"]
[SourceVersionDate "2023.10.19"]
[SourceQuality "1"]

1. e4 e6 2. d4 d5 3. exd5 exd5 4. Nf3 Nf6 5. Bd3 Bd6 6. 0-0 0-0 7. Bg5 Bg4 8. Nbd2 Nbd7 9. c3 c6 10. Qc2 h6 11. Bh4 Qc7 12. Bf5 Bxf5 13. Qxf5 g6 14. Qd3 Rae8 15. Rfe1 Kg7 16. Nf1 Ne4 17. Bg3 b5 18. Bxd6 Qxd6 19. b3 Nb6 20. c4 bxc4 21. bxc4 Nxc4 22. Rac1 f5 23. Ne5 Nxe5 24. dxe5 Qe6 25. Ne3 Rc8 26. f3 Ng5 27. f4 Ne4 28. Nc2 c5 29. Ne3 Rfd8 30. Red1 d4 31. Nc4 Nc3 32. Re1 Rb8 33. h3 Nd5 34. Qf3 Rb4 35. Nd6 Nc3 36. a3 Rb6 37. Kh1 h5 38. Qd3 Rdb8 39. Nc4 Rb3 40. Qf1 Ne4 41. Nd6 Ng3+ 0-1

[Event "LSS No Engine Cup 216 Preliminary 0"]
[Site "LSS email"]
[Date "2021.04.11"]
[Round "?"]
[White "Vlasov, Aleksandr"]
[Black "Vio, Mauro"]
[Result "0-1"]
[WhiteElo "1455"]
[BlackElo "1859"]
[PlyCount "68"]
[EventDate "2021.04.11"]
[EventType "tourn (corr)"]
[EventRounds "6"]
[EventCountry "GER"]
[SourceTitle "Corr 2024"]
[Source "ChessBase"]
[SourceDate "2023.10.19"]
[SourceVersion "1"]
[SourceVersionDate "2023.10.19"]
[SourceQuality "1"]

1. d4 f5 2. c4 e6 3. Nc3 Bb4 4. Bd2 Nf6 5. e3 b6 6. Be2 Bxc3 7. Bxc3 Ne4 8. Bf3 Nxc3 9. bxc3 c6 10. Ne2 0-0 11. 0-0 Ba6 12. Qb3 d5 13. cxd5 cxd5 14. g3 g5 15. Rfe1 Nc6 16. Qa4 Na5 17. Rac1 Rc8 18. Bg2 Rc4 19. Qc2 Rc7 20. f4 g4 21. Kf2 Qe7 22. Bf1 Nb7 23. Qa4 Bc4 24. Ng1 Nd6 25. Bxc4 Rxc4 26. Qb3 Ne4+ 27. Kg2 Rfc8 28. Ne2 h5 29. Rc2 h4 30. Rec1 Qh7 31. Rh1 h3+ 32. Kg1 Qb7 33. Qb2 Qc6 34. Kf1 Nxc3 0-1

[Event "LSS No Engine Cup 216 Preliminary 0"]
[Site "LSS email"]
[Date "2021.04.11"]
[Round "?"]
[White "Vlasov, Aleksandr"]
[Black "Zmolil, Karel"]
[Result "1/2-1/2"]
[WhiteElo "1455"]
[BlackElo "1259"]
[PlyCount "85"]
[EventDate "2021.04.11"]
[EventType "tourn (corr)"]
[EventRounds "6"]
[EventCountry "GER"]
[SourceTitle "Corr 2024"]
[Source "ChessBase"]
[SourceDate "2023.10.19"]
[SourceVersion "1"]
[SourceVersionDate "2023.10.19"]
[SourceQuality "1"]

1. b3 d5 2. Bb2 Bf5 3. e3 e6 4. Nf3 h6 5. Be2 Nf6 6. 0-0 Be7 7. Nc3 0-0 8. d4 a6 9. Bd3 Bxd3 10. cxd3 c5 11. dxc5 Bxc5 12. Na4 Ba7 13. Rc1 Nc6 14. Ba3 Re8 15. d4 Rc8 16. Bc5 Ne4 17. Bxa7 Nxa7 18. Nd2 Nd6 19. Rxc8 Qxc8 20. Qc1 Qxc1 21. Rxc1 Rc8 22. Rxc8+ Naxc8 23. Nc5 Na7 24. f3 Nc6 25. f4 Nb4 26. a4 a5 27. Kf1 Kf8 28. Nd7+ Ke7 29. Ne5 f6 30. Ng4 Nf5 31. Ke2 Nc2 32. Nf1 Kd6 33. Kd2 Nb4 34. g3 Kc6 35. Kc3 b6 36. Nf2 Nd6 37. Nd2 f5 38. Nd3 Nxd3 39. Kxd3 Ne8 40. h3 Nf6 41. Ke2 Ne4 42. Nxe4 fxe4 43. Kd2 1/2-1/2

[Event "OP-2021-0-05128"]
[Site "LSS email"]
[Date "2021.04.04"]
[Round "?"]
[White "Carlsen, Jan"]
[Black "Vlasov, Aleksandr"]
[Result "1-0"]
[WhiteElo "1708"]
[BlackElo "1187"]
[PlyCount "39"]
[EventDate "2021.04.03"]
[EventType "tourn (corr)"]
[EventRounds "4"]
[EventCountry "GER"]
[SourceTitle "Corr 2024"]
[Source "ChessBase"]
[SourceDate "2023.10.19"]
[SourceVersion "1"]
[SourceVersionDate "2023.10.19"]
[SourceQuality "1"]

1. d4 c5 2. d5 e6 3. c4 Nf6 4. Nc3 d6 5. e4 Be7 6. Bd3 0-0 7. Nge2 a6 8. a4 Ne8 9. 0-0 Nd7 10. f4 exd5 11. Nxd5 Nef6 12. Nxe7+ Qxe7 13. Ng3 Re8 14. Bd2 Nb8 15. Bc3 Nc6 16. h3 Bd7 17. e5 dxe5 18. fxe5 Nxe5 19. Re1 Qd6 20. Bxh7+ 1-0

[Event "OP-2021-0-05124"]
[Site "LSS email"]
[Date "2021.03.28"]
[Round "?"]
[White "Molina, Vicente Andres"]
[Black "Vlasov, Aleksandr"]
[Result "0-1"]
[WhiteElo "697"]
[BlackElo "1194"]
[PlyCount "94"]
[EventDate "2021.03.27"]
[EventType "tourn (corr)"]
[EventRounds "4"]
[EventCountry "GER"]
[SourceTitle "Corr 2024"]
[Source "ChessBase"]
[SourceDate "2023.10.19"]
[SourceVersion "1"]
[SourceVersionDate "2023.10.19"]
[SourceQuality "1"]

1. e4 c5 2. Nf3 Nc6 3. a3 g6 4. d4 cxd4 5. Nxd4 Bg7 6. Be3 Nf6 7. Nxc6 bxc6 8. Nc3 d6 9. Be2 a5 10. Qd2 Rb8 11. Rb1 0-0 12. 0-0 c5 13. f3 Bd7 14. Nd5 Nxd5 15. exd5 a4 16. c4 Qb6 17. Rfe1 Bf5 18. Bd3 Bxd3 19. Qxd3 Qb3 20. Qxb3 Rxb3 21. Bf4 Bf6 22. Kf2 Rfb8 23. g4 g5 24. Bc1 Kf8 25. Re2 Rxa3 26. b4 Rb3 27. Rxb3 axb3 28. Bb2 Bxb2 29. Rxb2 Rxb4 30. Ke3 Rxc4 31. Rxb3 Rd4 32. Rb8+ Kg7 33. Re8 Kf6 34. Rh8 Rxd5 35. Rxh7 c4 36. h4 gxh4 37. Rxh4 Rd3+ 38. Ke2 d5 39. f4 e6 40. Rh6+ Ke7 41. g5 d4 42. g6 fxg6 43. Rxg6 Re3+ 44. Kd2 c3+ 45. Kc2 Re2+ 46. Kc1 d3 47. Rg3 Re1# 0-1

[Event "OP-2021-0-05121"]
[Site "LSS email"]
[Date "2021.03.22"]
[Round "?"]
[White "Vlasov, Aleksandr"]
[Black "Wiaderek, Piotr"]
[Result "0-1"]
[WhiteElo "1186"]
[BlackElo "1507"]
[PlyCount "62"]
[EventDate "2021.03.18"]
[EventType "tourn (corr)"]
[EventRounds "4"]
[EventCountry "GER"]
[SourceTitle "Corr 2024"]
[Source "ChessBase"]
[SourceDate "2023.10.19"]
[SourceVersion "1"]
[SourceVersionDate "2023.10.19"]
[SourceQuality "1"]

1. c4 e5 2. Nc3 Nf6 3. e3 Nc6 4. a3 d5 5. cxd5 Nxd5 6. Nf3 Nxc3 7. bxc3 e4 8. Nd4 Ne5 9. Qc2 f5 10. Be2 c5 11. Nb3 Nd3+ 12. Kf1 Qh4 13. Bxd3 exd3 14. Qd1 Qa4 15. c4 Be7 16. Rb1 0-0 17. Bb2 Be6 18. Na1 Qxc4 19. f3 b5 20. g3 a5 21. Kg2 Qd5 22. Rf1 b4 23. Kg1 c4 24. a4 Rac8 25. Bd4 f4 26. gxf4 Rxf4 27. Bb6 Rf6 28. Rf2 Bh3 29. Ba7 Rg6+ 30. Kh1 Bh4 31. e4 Bxf2 0-1

[Event "OP-2021-0-05119"]
[Site "LSS email"]
[Date "2021.03.15"]
[Round "?"]
[White "Vlasov, Aleksandr"]
[Black "Shim Ng Min, Francis"]
[Result "1-0"]
[WhiteElo "1187"]
[BlackElo "1072"]
[PlyCount "71"]
[EventDate "2021.03.14"]
[EventType "tourn (corr)"]
[EventRounds "4"]
[EventCountry "GER"]
[SourceTitle "Corr 2024"]
[Source "ChessBase"]
[SourceDate "2023.10.19"]
[SourceVersion "1"]
[SourceVersionDate "2023.10.19"]
[SourceQuality "1"]

1. e4 c5 2. Bc4 e6 3. Nc3 d6 4. d3 Nf6 5. Bf4 Be7 6. Nf3 Nc6 7. h3 d5 8. Bb3 dxe4 9. dxe4 Qxd1+ 10. Rxd1 0-0 11. 0-0 a6 12. a4 Rd8 13. Rxd8+ Bxd8 14. Rd1 Be7 15. e5 Ne8 16. Ne4 Nc7 17. Nd6 Kf8 18. Be3 b6 19. c3 Rb8 20. Rd2 Bb7 21. Bc2 Ba8 22. Bxh7 Nd5 23. Be4 Nxe3 24. fxe3 Rd8 25. Nc4 b5 26. axb5 axb5 27. Rxd8+ Bxd8 28. Nd6 Bc7 29. Nxb5 Bb8 30. c4 Nxe5 31. Bxa8 Nxc4 32. b3 Nxe3 33. Kf2 Nc2 34. Be4 Na1 35. Nd2 Bf4 36. Ke2 1-0

[Event "OP-2021-0-05118"]
[Site "LSS email"]
[Date "2021.03.13"]
[Round "?"]
[White "Pauk, Jozef"]
[Black "Vlasov, Aleksandr"]
[Result "0-1"]
[WhiteElo "600"]
[BlackElo "1177"]
[PlyCount "82"]
[EventDate "2021.03.13"]
[EventType "tourn (corr)"]
[EventRounds "4"]
[EventCountry "GER"]
[SourceTitle "Corr 2024"]
[Source "ChessBase"]
[SourceDate "2023.10.19"]
[SourceVersion "1"]
[SourceVersionDate "2023.10.19"]
[SourceQuality "1"]

1. d4 Nf6 2. Bf4 e6 3. e3 d5 4. Bd3 c5 5. c3 c4 6. Be2 a6 7. Nf3 Nc6 8. Ne5 Nxe5 9. Bxe5 b5 10. Nd2 Be7 11. Nf3 Bb7 12. Ng5 h6 13. a4 hxg5 14. Bxf6 gxf6 15. 0-0 Qb8 16. g3 f5 17. f4 g4 18. Qc2 Kd7 19. Ra2 Bc6 20. a5 Rh3 21. Rf2 Qg8 22. b3 Qh7 23. Bf1 Rh6 24. b4 Rh8 25. Qe2 Kc7 26. Kh1 Bd6 27. Kg1 Re8 28. Kh1 f6 29. Kg1 e5 30. Qd2 exf4 31. exf4 Qd7 32. Rc2 Rh7 33. Qd1 Re3 34. Rfe2 Rhe7 35. Rxe3 Rxe3 36. Qb1 Qe6 37. Rc1 Bd7 38. Bg2 Re2 39. Kh1 Qe3 40. Bf1 Qf3+ 41. Kg1 Qf2+ 0-1

[Event "LSS SF-2021-0-00507"]
[Site "LSS email"]
[Date "2021.03.05"]
[Round "?"]
[White "Verich, Oleg"]
[Black "Vlasov, Aleksandr"]
[Result "0-1"]
[WhiteElo "1109"]
[BlackElo "1192"]
[PlyCount "88"]
[EventDate "2021.01.10"]
[EventType "tourn (corr)"]
[EventRounds "6"]
[EventCountry "GER"]
[SourceTitle "Corr 2024"]
[Source "ChessBase"]
[SourceDate "2023.10.19"]
[SourceVersion "1"]
[SourceVersionDate "2023.10.19"]
[SourceQuality "1"]

1. d4 e6 2. e4 c5 3. d5 e5 4. c4 d6 5. Nc3 f5 6. Be2 Nf6 7. f3 Be7 8. Be3 f4 9. Bf2 h6 10. g3 g5 11. h4 Kf7 12. hxg5 hxg5 13. Rxh8 Qxh8 14. g4 Na6 15. a3 Qh2 16. Bf1 Bd7 17. Qe2 Rh8 18. b4 b6 19. b5 Nc7 20. a4 a5 21. Nd1 Nce8 22. Kd2 Ng7 23. Nh3 Rxh3 24. Bxh3 Qxh3 25. Bg1 Bxg4 26. fxg4 Nxg4 27. Nf2 Nxf2 28. Qxf2 Qb3 29. Qf1 Qb2+ 30. Kd3 g4 31. Qc1 Qg2 32. Qe1 g3 33. Qe2 Qh3 34. Qf3 Kg6 35. Ra2 Bg5 36. Qg2 Qxg2 37. Rxg2 Kh5 38. Ke2 Kg4 39. Kf1 f3 40. Rc2 Nh5 41. Rc3 Nf4 42. Be3 g2+ 43. Ke1 Nd3+ 44. Rxd3 Bxe3 0-1

[Event "OP-2021-0-05113"]
[Site "LSS email"]
[Date "2021.03.04"]
[Round "?"]
[White "Korn, Hans"]
[Black "Vlasov, Aleksandr"]
[Result "1-0"]
[WhiteElo "800"]
[BlackElo "1229"]
[PlyCount "55"]
[EventDate "2021.03.04"]
[EventType "tourn (corr)"]
[EventRounds "4"]
[EventCountry "GER"]
[SourceTitle "Corr 2024"]
[Source "ChessBase"]
[SourceDate "2023.10.19"]
[SourceVersion "1"]
[SourceVersionDate "2023.10.19"]
[SourceQuality "1"]

1. Nf3 d5 2. d4 c5 3. c4 cxd4 4. cxd5 Qxd5 5. Nc3 Qd8 6. Qxd4 Qxd4 7. Nxd4 Nf6 8. Ndb5 Na6 9. g3 e6 10. Bg2 Be7 11. Be3 0-0 12. Nxa7 Nb4 13. Rc1 Nbd5 14. Nxd5 Nxd5 15. Bxd5 Bb4+ 16. Kf1 exd5 17. Nxc8 Rfxc8 18. Kg2 Rd8 19. a3 Bd6 20. Rhd1 Be5 21. Bd4 Bb8 22. Bb6 Re8 23. Rxd5 Be5 24. Rb5 Bf6 25. e3 h6 26. Rc7 Red8 27. Rxb7 Rd2 28. Bd4 1-0

[Event "SE-2021-0-00020"]
[Site "LSS email"]
[Date "2021.02.28"]
[Round "?"]
[White "Shim Ng Min, Francis"]
[Black "Vlasov, Aleksandr"]
[Result "0-1"]
[WhiteElo "1156"]
[BlackElo "1215"]
[PlyCount "78"]
[EventDate "2020.11.26"]
[EventType "tourn (corr)"]
[EventRounds "6"]
[EventCountry "GER"]
[SourceTitle "Corr 2024"]
[Source "ChessBase"]
[SourceDate "2023.10.19"]
[SourceVersion "1"]
[SourceVersionDate "2023.10.19"]
[SourceQuality "1"]

1. e4 c6 2. Nc3 e6 3. d4 d5 4. Nf3 Nf6 5. Bd3 dxe4 6. Nxe4 Be7 7. 0-0 Nbd7 8. c3 b6 9. Qe2 a5 10. Bg5 Bb7 11. Rad1 0-0 12. Ne5 Rc8 13. Nxd7 Nxd7 14. Qh5 f5 15. Bxe7 Qxe7 16. Ng3 Nf6 17. Qe2 Rce8 18. Rfe1 Qd7 19. h3 g6 20. Qd2 Kg7 21. Bc4 b5 22. Bb3 a4 23. Bc2 Rd8 24. a3 c5 25. Qe2 Rfe8 26. dxc5 Qc6 27. f3 Qxc5+ 28. Qf2 Qxf2+ 29. Kxf2 Kf7 30. Rxd8 Rxd8 31. Rd1 Bd5 32. Ne2 e5 33. Rd2 Rb8 34. Nc1 e4 35. fxe4 Bxe4 36. Bd1 Ke7 37. Na2 Bd5 38. Re2+ Ne4+ 39. Kg1 Bxa2 0-1

[Event "SE-2021-0-00326"]
[Site "LSS email"]
[Date "2021.02.28"]
[Round "?"]
[White "Vlasov, Aleksandr"]
[Black "Raines, David"]
[Result "1/2-1/2"]
[WhiteElo "1215"]
[BlackElo "1204"]
[PlyCount "66"]
[EventDate "2020.11.14"]
[EventType "tourn (corr)"]
[EventRounds "6"]
[EventCountry "GER"]
[SourceTitle "Corr 2024"]
[Source "ChessBase"]
[SourceDate "2023.10.19"]
[SourceVersion "1"]
[SourceVersionDate "2023.10.19"]
[SourceQuality "1"]

1. d4 d5 2. Bf4 c6 3. e3 e6 4. Nf3 f5 5. a3 Nf6 6. c4 Bd6 7. Bg3 0-0 8. c5 Bc7 9. Nc3 Bxg3 10. hxg3 Nbd7 11. b4 Ne4 12. Qc2 Ndf6 13. Ne5 Ng4 14. Nxg4 Nxc3 15. Nh6+ gxh6 16. Qxc3 Qg5 17. Be2 Bd7 18. Rh5 Qg7 19. Rh4 Rf6 20. Kd2 Rg6 21. a4 a6 22. a5 Rf6 23. Rah1 Raf8 24. Qa1 Be8 25. Bh5 Bxh5 26. Rxh5 Rg6 27. Kd3 Re8 28. Qc3 Rc8 29. Ke2 Qf6 30. R1h3 Kg7 31. f4 Qf8 32. Kf3 Kg8 33. Qe1 Qf6 1/2-1/2

[Event "OP-2021-0-05106"]
[Site "LSS email"]
[Date "2021.02.22"]
[Round "?"]
[White "Ermolov, Egor"]
[Black "Vlasov, Aleksandr"]
[Result "0-1"]
[WhiteElo "1800"]
[BlackElo "1203"]
[PlyCount "72"]
[EventDate "2021.02.21"]
[EventType "tourn (corr)"]
[EventRounds "4"]
[EventCountry "GER"]
[SourceTitle "Corr 2024"]
[Source "ChessBase"]
[SourceDate "2023.10.19"]
[SourceVersion "1"]
[SourceVersionDate "2023.10.19"]
[SourceQuality "1"]

1. Nf3 c5 2. g3 Nc6 3. Bg2 e5 4. 0-0 d5 5. d3 Nf6 6. Bg5 Be7 7. Re1 h6 8. Bxf6 Bxf6 9. Nbd2 0-0 10. e4 d4 11. Nf1 Bg4 12. h3 Be6 13. N1h2 Qd7 14. Kh1 Bxh3 15. Ng1 Bxg2+ 16. Kxg2 b5 17. Ngf3 c4 18. Qe2 Na5 19. Nd2 Rac8 20. Qf3 Bg5 21. Qe2 cxd3 22. Qxd3 Bxd2 23. Qxd2 Qc7 24. Rec1 Nc4 25. Qd3 Rfd8 26. Qb3 Qc6 27. Nf3 a6 28. c3 dxc3 29. Rxc3 Qxe4 30. Re1 Qa8 31. Kg1 Re8 32. Nh4 Qc6 33. Ng2 Qf6 34. Qc2 Rcd8 35. b3 Rd2 36. Qc1 Qxf2+ 0-1

[Event "OP-2021-0-05097"]
[Site "LSS email"]
[Date "2021.02.18"]
[Round "?"]
[White "Vlasov, Aleksandr"]
[Black "Dlugolecki, Grzegorz"]
[Result "0-1"]
[WhiteElo "1154"]
[BlackElo "1843"]
[PlyCount "62"]
[EventDate "2021.02.08"]
[EventType "tourn (corr)"]
[EventRounds "4"]
[EventCountry "GER"]
[SourceTitle "Corr 2024"]
[Source "ChessBase"]
[SourceDate "2023.10.19"]
[SourceVersion "1"]
[SourceVersionDate "2023.10.19"]
[SourceQuality "1"]

1. c4 e5 2. Nc3 Nf6 3. e4 Bc5 4. d3 d6 5. Bg5 h6 6. Bxf6 Qxf6 7. Nf3 Nc6 8. Nd5 Qd8 9. Be2 0-0 10. 0-0 f5 11. a3 a5 12. Qb1 Nd4 13. Nxd4 Bxd4 14. Nc3 fxe4 15. Nxe4 Qh4 16. Ng3 Be6 17. Ra2 Rxf2 18. Rxf2 Rf8 19. Bf3 Rxf3 20. gxf3 Bxf2+ 21. Kxf2 Qxh2+ 22. Ke3 Qxg3 23. Qf1 b5 24. b3 Qf4+ 25. Kf2 a4 26. bxa4 bxc4 27. Ra1 Qh2+ 28. Ke3 d5 29. d4 exd4+ 30. Kxd4 Qd2+ 31. Kc5 Qe3+ 0-1

[Event "LSS No Engine Cup 214 Preliminary 0"]
[Site "LSS email"]
[Date "2021.02.17"]
[Round "?"]
[White "Carlsen, Jan"]
[Black "Vlasov, Aleksandr"]
[Result "1-0"]
[WhiteElo "1600"]
[BlackElo "1478"]
[PlyCount "77"]
[EventDate "2021.02.17"]
[EventType "tourn (corr)"]
[EventRounds "6"]
[EventCountry "GER"]
[SourceTitle "Corr 2024"]
[Source "ChessBase"]
[SourceDate "2023.10.19"]
[SourceVersion "1"]
[SourceVersionDate "2023.10.19"]
[SourceQuality "1"]

1. d4 g6 2. c4 Bg7 3. Nc3 d6 4. e4 e5 5. Nf3 Nc6 6. Bg5 f6 7. Be3 Nge7 8. d5 Nb8 9. c5 0-0 10. cxd6 cxd6 11. Nd2 f5 12. f3 a6 13. a4 f4 14. Bf2 Nd7 15. Nc4 Nf6 16. Nb6 Rb8 17. a5 g5 18. Nc4 Ng6 19. Rc1 Qe7 20. Qb3 Nd7 21. Qb4 Rf6 22. Na4 Bf8 23. Ncb6 Qd8 24. Be2 h6 25. Qc4 Nxb6 26. Bxb6 Qe8 27. Bc7 Bd7 28. Bxb8 Bxa4 29. Qc8 g4 30. Qxe8 Bxe8 31. fxg4 Be7 32. Bf3 Kf8 33. Bc7 Nh4 34. Kf2 Rg6 35. h3 Bb5 36. Bb6 Rg7 37. Rc8+ Kf7 38. Rc7 Kg6 39. Rhc1 1-0